[Event "Varsity Oxbridge m 139th"]
[Site "London"]
[Date "2021.10.23"]
[Round "1.4"]
[White "Petr, Jan1111"]
[Black "French, Max"]
[Result "1-0"]
[WhiteElo "2282"]
[BlackElo "2227"]
[PlyCount "97"]
[EventDate "2021.10.23"]
[EventType "team-match"]
[EventRounds "1"]
[EventCountry "ENG"]
[SourceTitle "CBM 204 Extra"]
[Source "ChessBase"]
[SourceDate "2021.11.30"]
[SourceVersion "1"]
[SourceVersionDate "2021.11.30"]
[SourceQuality "1"]
[WhiteTeam "Cambridge"]
[BlackTeam "Oxford"]
[WhiteTeamCountry "ENG"]
[BlackTeamCountry "ENG"]

1. e4 c6 2. d4 d5 3. e5 c5 4. dxc5 e6 5. Nf3 Bxc5 6. a3 Nc6 7. b4 Bb6 8. Bd3 Nge7 9. 0-0 Ng6 10. Bb2 0-0 11. Re1 f6 12. exf6 gxf6 13. c4 Nf4 14. cxd5 Qxd5 15. Be4 Qxd1 16. Rxd1 e5 17. Nc3 Be6 18. Bc1 Ng6 19. Be3 Bxe3 20. fxe3 Nge7 21. Rd6 Bf5 22. Nh4 Bxe4 23. Nxe4 f5 24. Nc5 Rf7 25. b5 Na5 26. Nf3 Nc4 27. Rd7 b6 28. Ne6 Ng6 29. Rad1 Nf8 30. Rxf7 Kxf7 31. Nxf8 Kxf8 32. Rd7 Nxa3 33. Rxh7 Kg8 34. Rd7 Nxb5 35. h4 a5 36. h5 a4 37. Nxe5 Re8 38. Ng6 Re6 39. Ne7+ Kf8 40. Nxf5 Rf6 41. Rd8+ Kf7 42. e4 Nc3 43. h6 Kg6 44. Rd7 Nxe4 45. h7 Rf8 46. Rg7+ Kxf5 47. Rg8 Rxg8 48. hxg8Q Nc5 49. Qd5+ 1-0

[Event "Leamington Spa 4NCL op 26th"]
[Site "Leamington Spa"]
[Date "2021.09.10"]
[Round "1"]
[White "Gibbs, Dominic V"]
[Black "French, Max"]
[Result "0-1"]
[WhiteElo "1904"]
[BlackElo "2248"]
[PlyCount "104"]
[EventDate "2021.09.10"]
[EventType "swiss"]
[EventRounds "5"]
[EventCountry "ENG"]
[SourceTitle "CBM 204 Extra"]
[Source "ChessBase"]
[SourceDate "2021.11.30"]
[SourceVersion "1"]
[SourceVersionDate "2021.11.30"]
[SourceQuality "1"]

1. e4 c6 2. d4 d5 3. exd5 cxd5 4. c4 Nf6 5. Nc3 Nc6 6. Nf3 g6 7. cxd5 Nxd5 8. Bc4 Nb6 9. Bb3 Bg7 10. 0-0 0-0 11. Re1 Bg4 12. d5 Nd4 13. Bg5 Re8 14. Qd3 Bxf3 15. gxf3 Qd7 16. Re4 Qf5 17. Bf4 Rad8 18. Rxd4 Bxd4 19. Qxd4 e5 20. Qe4 Qxf4 21. Qxf4 exf4 22. Rd1 Kg7 23. Rd4 g5 24. Ne4 f5 25. Nc5 Rc8 26. Ne6+ Kf6 27. Rd1 Nc4 28. Nd4 Ne5 29. d6 a6 30. d7 Nxd7 31. Nxf5 Kxf5 32. Rxd7 Re1+ 33. Kg2 Rcc1 34. Rf7+ Kg6 35. Rxb7 Rg1+ 36. Kh3 Rc6 37. Re7 Rd6 38. Re2 h5 39. Re6+ Rxe6 40. Bxe6 Rb1 41. b3 Rb2 42. Kg2 Rxa2 43. Bc4 Ra1 44. Bd5 a5 45. Bc4 Kf6 46. Bg8 h4 47. Bc4 Ke5 48. Kh3 Rg1 49. Bb5 Kd4 50. Ba6 Kc3 51. Bc4 Kd2 52. Be6 Ke1 0-1

[Event "BCF-chTb 1920 (4NCL)"]
[Site "Daventry"]
[Date "2020.01.12"]
[Round "4.53"]
[White "French, Max"]
[Black "Lupulescu, Constantin"]
[Result "0-1"]
[WhiteElo "2168"]
[BlackElo "2649"]
[PlyCount "136"]
[EventDate "2019.11.09"]
[EventType "team-tourn"]
[EventRounds "11"]
[EventCountry "ENG"]
[SourceTitle "CBM 194 Extra"]
[Source "ChessBase"]
[SourceDate "2020.03.31"]
[SourceVersion "1"]
[SourceVersionDate "2020.03.31"]
[SourceQuality "1"]
[WhiteTeam "Barbican II"]
[BlackTeam "Chess.com Manx Liberty"]
[WhiteTeamCountry "ENG"]
[BlackTeamCountry "ENG"]

1. d4 Nf6 2. c4 e6 3. Nc3 Bb4 4. e3 0-0 5. Bd3 d5 6. Nf3 c5 7. 0-0 cxd4 8. exd4 dxc4 9. Bxc4 b6 10. Bg5 Bb7 11. Qe2 Nbd7 12. Rac1 h6 13. Bh4 Rc8 14. Bd3 Be7 15. Rfd1 Nh5 16. Bxe7 Qxe7 17. Be4 Ndf6 18. Bxb7 Qxb7 19. Qe5 Rfd8 20. Ne1 g6 21. h3 Nd5 22. Nxd5 Rxd5 23. Qe3 Rxc1 24. Rxc1 Kg7 25. Nf3 Rf5 26. Nh4 Ra5 27. a3 Nf6 28. Nf3 Rf5 29. Nh4 Rh5 30. Nf3 Nd5 31. Qe4 Rf5 32. g3 Qa6 33. Ne5 h5 34. Nc4 Qc8 35. Rc2 Qd7 36. Ne5 Qa4 37. h4 Qb3 38. Qd3 Qxd3 39. Nxd3 g5 40. hxg5 Rxg5 41. Ne5 h4 42. Nf3 Rg4 43. Nxh4 Rxd4 44. Kf1 Rd1+ 45. Ke2 Rh1 46. Ng2 Kf6 47. Ne3 Nxe3 48. Kxe3 Re1+ 49. Kd2 Rb1 50. Ke3 Ke5 51. f3 f5 52. Rd2 a5 53. Rc2 Re1+ 54. Kf2 Rb1 55. Ke3 Kf6 56. f4 Rg1 57. Kf3 Rd1 58. Ke2 Rd5 59. b3 Rb5 60. Rc3 e5 61. fxe5+ Rxe5+ 62. Kf3 Kg5 63. Rd3 Rc5 64. Re3 b5 65. Re8 Rc3+ 66. Re3 b4 67. a4 Rxe3+ 68. Kxe3 Kg4 0-1

[Event "Newcastle Northumbria Masters"]
[Site "Newcastle on Tyne"]
[Date "2019.08.23"]
[Round "1"]
[White "French, Max"]
[Black "Tan, Justin Hy"]
[Result "0-1"]
[WhiteElo "2228"]
[BlackElo "2519"]
[PlyCount "70"]
[EventDate "2019.08.23"]
[EventType "swiss"]
[EventRounds "9"]
[EventCountry "ENG"]
[SourceTitle "EXT 2020"]
[Source "ChessBase"]
[SourceDate "2019.10.17"]
[SourceVersion "1"]
[SourceVersionDate "2019.10.17"]
[SourceQuality "1"]

1. d4 Nf6 2. c4 e6 3. Nc3 Bb4 4. e3 0-0 5. Bd3 c5 6. Nf3 d5 7. 0-0 dxc4 8. Bxc4 Bd7 9. a3 cxd4 10. Ne2 Be7 11. exd4 Bc6 12. Ne5 Bd5 13. Bxd5 Nxd5 14. Qb3 Qb6 15. Qg3 f5 16. Rd1 Bf6 17. b4 Nc6 18. Nd7 Qb5 19. Bh6 Rf7 20. Nc3 Bh4 21. Nf6+ Nxf6 22. Qxh4 Qb6 23. Bg5 Nd5 24. Na4 Qc7 25. Nc5 Re8 26. Rac1 a6 27. Qg3 f4 28. Qg4 Rf5 29. Bh6 Qf7 30. Nxb7 Qxb7 31. Rxc6 Rf6 32. Qxg7+ Qxg7 33. Bxg7 Kxg7 34. Rxa6 Rc8 35. b5 Nc3 0-1

[Event "Paris-ch 94th"]
[Site "Paris"]
[Date "2019.07.11"]
[Round "6"]
[White "Macon, Arthur"]
[Black "French, Max"]
[Result "1-0"]
[WhiteElo "2270"]
[BlackElo "2232"]
[PlyCount "132"]
[EventDate "2019.07.07"]
[EventType "swiss"]
[EventRounds "9"]
[EventCountry "FRA"]
[SourceTitle "CBM 191 Extra"]
[Source "ChessBase"]
[SourceDate "2019.09.30"]
[SourceVersion "1"]
[SourceVersionDate "2019.09.30"]
[SourceQuality "1"]

1. Nf3 Nf6 2. g3 e6 3. Bg2 d5 4. 0-0 Be7 5. b3 0-0 6. c4 d4 7. e3 c5 8. exd4 cxd4 9. Re1 Nc6 10. d3 Re8 11. Ba3 Bd6 12. Bxd6 Qxd6 13. a3 a5 14. Nbd2 e5 15. Ng5 h6 16. Nge4 Nxe4 17. Nxe4 Qc7 18. c5 Bd7 19. Nd6 Re7 20. b4 axb4 21. axb4 Rxa1 22. Qxa1 Nxb4 23. Qa8+ Kh7 24. Qf8 Be6 25. Ne8 Rxe8 26. Qxe8 Qxc5 27. Be4+ g6 28. Ra1 Na6 29. Bxb7 Nc7 30. Qc6 Qxc6 31. Bxc6 Kg7 32. Ra7 Nd5 33. Bxd5 Bxd5 34. Ra5 Bb7 35. Rxe5 Ba6 36. Rd5 Bxd3 37. Rxd4 Bf5 38. Kg2 Be6 39. Kf3 Kf6 40. Ke3 Bb3 41. Rb4 Ba2 42. Rb5 Bc4 43. Rc5 Bb3 44. Kd4 Be6 45. f4 Bd7 46. Kd5 Be6+ 47. Kd6 h5 48. Re5 Bf5 49. Kc7 Be6 50. Kd8 Bb3 51. Ke8 Be6 52. Kf8 Ba2 53. Re7 Bb3 54. h3 Be6 55. g4 hxg4 56. hxg4 g5 57. f5 Bc4 58. Re3 Bd5 59. Kg8 Bc6 60. Kh7 Ba4 61. Kh6 Bd1 62. Kh5 Bc2 63. Ra3 Bxf5 64. gxf5 Kxf5 65. Rf3+ Ke4 66. Rxf7 Kd5 1-0

[Event "Copenhagen Challenge"]
[Site "Ballerup"]
[Date "2019.05.19"]
[Round "8"]
[White "French, Max"]
[Black "Hoi, Carsten"]
[Result "1-0"]
[WhiteElo "2178"]
[BlackElo "2341"]
[PlyCount "71"]
[EventDate "2019.05.15"]
[EventType "swiss"]
[EventRounds "9"]
[EventCountry "DEN"]
[SourceTitle "CBM 190 Extra"]
[Source "ChessBase"]
[SourceDate "2019.07.15"]
[SourceVersion "1"]
[SourceVersionDate "2019.07.15"]
[SourceQuality "1"]

1. d4 Nf6 2. c4 d6 3. Nc3 e5 4. d5 Nbd7 5. e4 Nc5 6. f3 a5 7. Be3 Be7 8. Qd2 Bd7 9. 0-0-0 Qb8 10. g4 a4 11. h4 Qa7 12. Nh3 Qa5 13. Nb1 Qxd2+ 14. Rxd2 h5 15. g5 Nh7 16. Nf2 Nf8 17. Bxc5 dxc5 18. Nd3 Ng6 19. Bh3 Bxh3 20. Rxh3 Bd6 21. Nc3 Kd7 22. Nd1 Rhb8 23. Ne3 Nf4 24. Rh1 g6 25. Ng2 b5 26. Ngxf4 bxc4 27. Rc2 a3 28. Rxc4 axb2+ 29. Kb1 Ra3 30. Rd1 exf4 31. e5 Rxd3 32. e6+ fxe6 33. dxe6+ Kxe6 34. Rxd3 Kd7 35. Rxf4 Kc6 36. Re4 1-0

[Event "Copenhagen Challenge"]
[Site "Ballerup"]
[Date "2019.05.19"]
[Round "9"]
[White "Hacker, Jonas"]
[Black "French, Max"]
[Result "1/2-1/2"]
[WhiteElo "2386"]
[BlackElo "2178"]
[PlyCount "60"]
[EventDate "2019.05.15"]
[EventType "swiss"]
[EventRounds "9"]
[EventCountry "DEN"]
[SourceTitle "CBM 190 Extra"]
[Source "ChessBase"]
[SourceDate "2019.07.15"]
[SourceVersion "1"]
[SourceVersionDate "2019.07.15"]
[SourceQuality "1"]

1. e4 c6 2. d4 d5 3. e5 c5 4. dxc5 e6 5. a3 Nc6 6. Nf3 Bxc5 7. b4 Bb6 8. Bb2 Nge7 9. Bd3 Ng6 10. 0-0 0-0 11. Re1 f6 12. exf6 gxf6 13. c4 Nf4 14. Bf1 e5 15. cxd5 Qxd5 16. Qxd5+ Nxd5 17. Bc4 Be6 18. Nc3 Nf4 19. Bxe6+ Nxe6 20. Nd5 Ncd4 21. Bxd4 Bxd4 22. Rac1 Rf7 23. Ne3 Bxe3 24. Rxe3 Rd8 25. g3 Rfd7 26. Rcc3 Kf7 27. Kg2 Nd4 28. Rc4 Nf5 29. Rec3 Nd6 30. Rc7 Nb5 1/2-1/2

[Event "Copenhagen Challenge"]
[Site "Ballerup"]
[Date "2019.05.16"]
[Round "3"]
[White "Haubro, Martin"]
[Black "French, Max"]
[Result "1-0"]
[WhiteElo "2380"]
[BlackElo "2178"]
[PlyCount "129"]
[EventDate "2019.05.15"]
[EventType "swiss"]
[EventRounds "9"]
[EventCountry "DEN"]
[SourceTitle "CBM 190 Extra"]
[Source "ChessBase"]
[SourceDate "2019.07.15"]
[SourceVersion "1"]
[SourceVersionDate "2019.07.15"]
[SourceQuality "1"]

1. e4 c6 2. d4 d5 3. e5 c5 4. dxc5 e6 5. Nf3 Bxc5 6. a3 Nc6 7. b4 Bb6 8. Bd3 Nge7 9. Bb2 Ng6 10. 0-0 0-0 11. Re1 f6 12. exf6 gxf6 13. c4 Nf4 14. Bf1 e5 15. cxd5 Qxd5 16. Nc3 Qf7 17. Ne4 Rd8 18. Qc2 Be6 19. Nc5 Bxc5 20. Qxc5 Nd3 21. Bxd3 Rxd3 22. Rad1 Rad8 23. Rxd3 Rxd3 24. Qc2 Qd7 25. Bc1 Bb3 26. Qc5 b6 27. Qb5 Bd1 28. Nh4 Rd4 29. Nf5 Qxf5 30. Qxc6 Kf7 31. Be3 Qd7 32. Qa8 Rd5 33. h3 Bc2 34. Kh2 Rd1 35. Re2 Bd3 36. Rb2 Kg7 37. Rb3 Qc7 38. Qf3 e4+ 39. Qg3+ Qxg3+ 40. Kxg3 Bf1 41. Rc3 Rd7 42. Rc8 Kf7 43. a4 Ke6 44. Rg8 Kf7 45. Rh8 Ke6 46. Kh2 Kd5 47. Rc8 Ba6 48. Rc1 Bd3 49. g4 f5 50. g5 Rb7 51. Kg3 b5 52. Rc5+ Ke6 53. a5 Bc4 54. Kf4 Bd5 55. a6 Rf7 56. Rxb5 Bc4 57. Re5+ Kd6 58. Rxf5 Rxf5+ 59. Kxf5 Bxa6 60. h4 Bc8+ 61. Kf6 a6 62. h5 Be6 63. g6 Bg8 64. Kg7 hxg6 65. h6 1-0

[Event "BCF-chT2 1819 (4NCL) Promotion"]
[Site "England"]
[Date "2019.05.04"]
[Round "9.31"]
[White "French, Max"]
[Black "Harakis, Alexis"]
[Result "1/2-1/2"]
[WhiteElo "2228"]
[BlackElo "2286"]
[PlyCount "138"]
[EventDate "2018.11.10"]
[EventType "team-tourn"]
[EventRounds "11"]
[EventCountry "ENG"]
[SourceTitle "EXT 2021"]
[Source "ChessBase"]
[SourceDate "2020.10.23"]
[SourceVersion "1"]
[SourceVersionDate "2020.10.23"]
[SourceQuality "1"]
[WhiteTeam "Barbican II"]
[BlackTeam "KJCA Kings"]
[WhiteTeamCountry "ENG"]
[BlackTeamCountry "ENG"]

1. d4 d5 2. c4 c6 3. cxd5 cxd5 4. Nc3 Nc6 5. Bf4 e5 6. dxe5 d4 7. Ne4 Bf5 8. Nd6+ Bxd6 9. exd6 Qa5+ 10. Bd2 Qd5 11. Nf3 Nf6 12. g3 0-0 13. Bg2 Be4 14. 0-0 Rad8 15. Qb3 Qxb3 16. axb3 Rxd6 17. Ne1 Re8 18. Bf4 Rd5 19. f3 Bg6 20. Kf2 Rb5 21. Ra3 Nd5 22. Bh3 Nxf4 23. gxf4 Re3 24. f5 Bxf5 25. Bxf5 Rxf5 26. Nc2 Re6 27. Ra4 Rfe5 28. Re1 b5 29. Ra6 g5 30. h3 Kg7 31. Raa1 Rc5 32. Rac1 d3 33. Nd4 Nxd4 34. Rxc5 Nc2 35. e4 Nxe1 36. Kxe1 Kg6 37. Rd5 Kh5 38. Rxd3 Kh4 39. Rd5 h6 40. Rxb5 Kxh3 41. Rf5 f6 42. Kf2 Rb6 43. b4 a6 44. b3 Kh4 45. b5 axb5 46. b4 h5 47. e5 fxe5 48. Rxe5 Rf6 49. Kg2 Rd6 50. Rxb5 Rd2+ 51. Kg1 Rb2 52. Kf1 Ra2 53. Ra5 Rd2 54. Kg1 Rb2 55. Rc5 Rxb4 56. Kg2 Rb2+ 57. Kg1 Rb3 58. Kg2 Rb2+ 59. Kg1 g4 60. fxg4 hxg4 61. Rc3 Re2 62. Ra3 Kg5 63. Rb3 Re4 64. Kg2 Kf4 65. Rb2 Re3 66. Rb4+ Kg5 67. Rb2 Kh4 68. Ra2 Rg3+ 69. Kh2 Rb3 1/2-1/2

[Event "Budapest FS04 IM"]
[Site "Budapest"]
[Date "2019.04.03"]
[Round "5"]
[White "French, Max"]
[Black "Farkas, Tibor"]
[Result "1/2-1/2"]
[WhiteElo "2228"]
[BlackElo "2313"]
[PlyCount "75"]
[EventDate "2019.03.30"]
[EventType "tourn"]
[EventRounds "9"]
[EventCountry "HUN"]
[SourceTitle "CBM 189 Extra"]
[Source "ChessBase"]
[SourceDate "2019.06.03"]
[SourceVersion "1"]
[SourceVersionDate "2019.06.03"]
[SourceQuality "1"]

1. d4 Nf6 2. c4 g6 3. Nc3 Bg7 4. e4 d6 5. Be2 0-0 6. Be3 c5 7. d5 e6 8. Nf3 Na6 9. 0-0 Nc7 10. Qc2 Rb8 11. Rad1 e5 12. Nd2 Ng4 13. Bxg4 Bxg4 14. f3 Bd7 15. a4 b6 16. Nb5 a6 17. Nxc7 Qxc7 18. Rb1 a5 19. Rbe1 Rbe8 20. Nb1 f5 21. Nc3 f4 22. Bd2 h5 23. Kf2 g5 24. Ke2 Rf6 25. Rh1 g4 26. Reg1 Rg6 27. Be1 Bf6 28. Qb3 Kf7 29. Nb5 Qb8 30. h3 gxh3 31. gxh3 Reg8 32. Rxg6 Rxg6 33. Rh2 Be7 34. Bf2 Qg8 35. Qd1 Rg2 36. Qh1 Rxh2 37. Qxh2 Qg6 38. Nc3 1/2-1/2

[Event "Budapest FS04 IM"]
[Site "Budapest"]
[Date "2019.03.31"]
[Round "2"]
[White "Vantika, Agrawal"]
[Black "French, Max"]
[Result "1/2-1/2"]
[WhiteElo "2171"]
[BlackElo "2228"]
[PlyCount "110"]
[EventDate "2019.03.30"]
[EventType "tourn"]
[EventRounds "9"]
[EventCountry "HUN"]
[SourceTitle "CBM 189 Extra"]
[Source "ChessBase"]
[SourceDate "2019.06.03"]
[SourceVersion "1"]
[SourceVersionDate "2019.06.03"]
[SourceQuality "1"]

1. d4 Nf6 2. c4 e6 3. g3 d5 4. Bg2 Be7 5. Nf3 0-0 6. 0-0 dxc4 7. Ne5 c5 8. dxc5 Qc7 9. Nxc4 Qxc5 10. b3 Rd8 11. Nbd2 Qc7 12. Bb2 Nc6 13. Rc1 Bd7 14. e4 Be8 15. e5 Nd5 16. Qg4 h5 17. Qe2 Ndb4 18. Ne4 Nd3 19. Nf6+ gxf6 20. exf6 Nxb2 21. fxe7 Qxe7 22. Qxb2 f6 23. Rfe1 Rac8 24. Re3 Nd4 25. Rd1 Qc5 26. Bxb7 Rb8 27. Red3 e5 28. Ba6 Bg6 29. Ne3 Nf3+ 30. Kf1 Bxd3+ 31. Bxd3 Rxd3 32. Rxd3 Qb5 33. Nc4 Qxc4 34. bxc4 Nxh2+ 35. Kg2 Rxb2 36. Kxh2 Rxf2+ 37. Kh3 Rxa2 38. Rc3 Kf7 39. c5 Ke7 40. c6 Kd8 41. Rf3 e4 42. Rxf6 e3 43. Re6 Re2 44. g4 hxg4+ 45. Kxg4 Rc2 46. Kf3 e2 47. Rxe2 Rxc6 48. Ra2 a6 49. Ke3 Kc7 50. Kd3 Kb6 51. Rc2 Rh6 52. Kc3 a5 53. Rg2 Rh3+ 54. Kb2 a4 55. Rg5 a3+ 1/2-1/2

[Event "BCF-chT2b 1819 (4NCL)"]
[Site "England"]
[Date "2019.02.10"]
[Round "6.52"]
[White "French, Max"]
[Black "Bullen, Alex"]
[Result "1/2-1/2"]
[WhiteElo "2176"]
[BlackElo "2100"]
[PlyCount "93"]
[EventDate "2018.11.10"]
[EventType "team-tourn"]
[EventRounds "11"]
[EventCountry "ENG"]
[SourceTitle "EXT 2021"]
[Source "ChessBase"]
[SourceDate "2020.10.23"]
[SourceVersion "1"]
[SourceVersionDate "2020.10.23"]
[SourceQuality "1"]
[WhiteTeam "Barbican II"]
[BlackTeam "West is Best II"]
[WhiteTeamCountry "ENG"]
[BlackTeamCountry "ENG"]

1. d4 d5 2. c4 e6 3. Nc3 Nf6 4. cxd5 exd5 5. Bg5 c6 6. e3 Be7 7. Bd3 Nbd7 8. Qc2 Nf8 9. Nf3 Ne6 10. Bh4 g6 11. 0-0 0-0 12. Rab1 Ng7 13. b4 a6 14. a4 Bf5 15. b5 axb5 16. axb5 Bxd3 17. Qxd3 Nf5 18. Bxf6 Bxf6 19. Ne2 Nd6 20. bxc6 bxc6 21. Nd2 Qd7 22. Nb3 Ra3 23. Nc5 Qa7 24. Rb3 Rxb3 25. Qxb3 Rb8 26. Qa4 Qxa4 27. Nxa4 Rb4 28. Nc5 Nb7 29. Rc1 Nxc5 30. Rxc5 Rb6 31. g3 Kf8 32. Kg2 Ke7 33. Ra5 Rb7 34. Nc1 Kd6 35. Nd3 Bd8 36. Nc5 Re7 37. Ra6 f5 38. Kf3 Rf7 39. Nd3 Bf6 40. h4 Rb7 41. Nc5 Rf7 42. Ra8 f4 43. gxf4 Bxh4 44. e4 dxe4+ 45. Nxe4+ Kd5 46. Ke3 Ke6 47. Ra6 1/2-1/2

[Event "Nottingham 4NCL op 20th"]
[Site "Nottingham"]
[Date "2018.09.29"]
[Round "3"]
[White "Ross, Stuart"]
[Black "French, Max"]
[Result "0-1"]
[WhiteElo "1608"]
[BlackElo "2074"]
[PlyCount "74"]
[EventDate "2018.09.28"]
[EventType "swiss"]
[EventRounds "5"]
[EventCountry "ENG"]
[SourceTitle "CBM 186 Extra"]
[Source "ChessBase"]
[SourceDate "2018.08.24"]
[SourceVersion "1"]
[SourceVersionDate "2018.08.24"]
[SourceQuality "1"]

1. e4 c6 2. d4 d5 3. Nc3 dxe4 4. Nxe4 Bf5 5. Ng3 Bg6 6. h4 h6 7. Nf3 Nd7 8. h5 Bh7 9. Bd3 Bxd3 10. Qxd3 e6 11. Bd2 Ngf6 12. 0-0-0 Be7 13. Kb1 0-0 14. Ne4 Nxe4 15. Qxe4 Nf6 16. Qe2 Qd5 17. Ne5 Qe4 18. Qxe4 Nxe4 19. Be1 Rfd8 20. f3 Nf6 21. Bf2 Rac8 22. g4 Nd5 23. Rhe1 b5 24. Nd3 Bg5 25. Nc5 Nb6 26. Ne4 Be7 27. Bg3 Rd5 28. Nc3 Rd7 29. Re4 Rcd8 30. Ne2 Nd5 31. c3 a5 32. Re1 a4 33. Kc2 Nb6 34. Be5 f5 35. gxf5 exf5 36. Rf4 Nd5 37. Rg1 Bg5 0-1

[Event "Pardubice Czech op-A 29th"]
[Site "Pardubice"]
[Date "2018.07.21"]
[Round "2"]
[White "Gonda, Laszlo"]
[Black "French, Max"]
[Result "1-0"]
[WhiteElo "2534"]
[BlackElo "2003"]
[PlyCount "79"]
[EventDate "2018.07.20"]
[EventType "swiss"]
[EventRounds "9"]
[EventCountry "CZE"]
[SourceTitle "CBM 185 Extra"]
[Source "ChessBase"]
[SourceDate "2018.07.29"]
[SourceVersion "1"]
[SourceVersionDate "2018.07.29"]
[SourceQuality "1"]

1. d4 Nf6 2. Nf3 e6 3. Bf4 c5 4. e3 Nc6 5. Nc3 cxd4 6. exd4 Bb4 7. Bd2 d5 8. Bd3 0-0 9. 0-0 a6 10. Re1 Qc7 11. a3 Bd6 12. Ne2 b5 13. Ng3 b4 14. axb4 Nxb4 15. Bxb4 Bxb4 16. Re3 Ng4 17. Re2 f5 18. Nf1 Bd6 19. Qe1 Nf6 20. b3 a5 21. c4 Bb4 22. Qc1 Qb6 23. c5 Qc7 24. Ne5 Ba6 25. Bxa6 Rxa6 26. Nd3 Rb8 27. f3 Nd7 28. Ng3 Qc6 29. Nh5 Nf8 30. Ra4 Qb5 31. Qc2 g6 32. Nhf4 Kf7 33. Ne5+ Kf6 34. Kf2 Rc8 35. Nfd3 Rc7 36. Qc1 Nd7 37. Rea2 Bxc5 38. Nxd7+ Qxd7 39. Nxc5 Qb5 40. Qe3 1-0

[Event "Frodsham op"]
[Site "Frodsham"]
[Date "2018.02.03"]
[Round "2"]
[White "Bryant, Richard BE"]
[Black "French, Max"]
[Result "0-1"]
[WhiteElo "1983"]
[BlackElo "1997"]
[PlyCount "96"]
[EventDate "2018.02.02"]
[EventType "swiss"]
[EventRounds "5"]
[EventCountry "ENG"]
[SourceTitle "CBM 182 Extra"]
[Source "ChessBase"]
[SourceDate "2018.02.23"]
[SourceVersion "1"]
[SourceVersionDate "2018.02.23"]
[SourceQuality "1"]

1. e4 c6 2. d4 d5 3. exd5 cxd5 4. c4 Nf6 5. Nc3 Nc6 6. Bg5 e6 7. Nf3 Be7 8. c5 0-0 9. a3 Ne4 10. Bxe7 Qxe7 11. Bd3 Nxc3 12. bxc3 e5 13. Be2 Re8 14. Ra2 e4 15. Nd2 e3 16. Nf1 exf2+ 17. Kxf2 b6 18. Bf3 Be6 19. Qa4 Qd7 20. Rd2 Rac8 21. Ne3 bxc5 22. c4 Nxd4 23. Qxd7 Bxd7 24. Bxd5 Rb8 25. Rd3 Rb2+ 26. Kg3 Rxe3+ 27. Rxe3 Nf5+ 28. Kf3 Nxe3 29. Kxe3 Kf8 30. Rf1 f6 31. Rd1 Rb3+ 32. Rd3 Rxd3+ 33. Kxd3 Ke7 34. Be4 g6 35. Bb7 Kd6 36. g3 Bc6 37. Bc8 Ke5 38. Bg4 f5 39. Bd1 g5 40. Be2 f4 41. Bf1 Be4+ 42. Kc3 f3 43. Bh3 Bg6 44. Bf1 Ke4 45. Kd2 Kd4 46. h4 gxh4 47. gxh4 Bf7 48. Bd3 Bxc4 0-1

[Event "Frodsham op"]
[Site "Frodsham"]
[Date "2018.02.03"]
[Round "3"]
[White "French, Max"]
[Black "Benson, Paul J"]
[Result "1/2-1/2"]
[WhiteElo "1997"]
[BlackElo "2040"]
[PlyCount "99"]
[EventDate "2018.02.02"]
[EventType "swiss"]
[EventRounds "5"]
[EventCountry "ENG"]
[SourceTitle "CBM 182 Extra"]
[Source "ChessBase"]
[SourceDate "2018.02.23"]
[SourceVersion "1"]
[SourceVersionDate "2018.02.23"]
[SourceQuality "1"]

1. d4 f5 2. c4 Nf6 3. Nf3 g6 4. g3 Bg7 5. Bg2 0-0 6. 0-0 d6 7. Nc3 Na6 8. Re1 c5 9. d5 Nc7 10. Rb1 Rb8 11. Bd2 b5 12. b3 b4 13. Na4 Ne4 14. Qc2 e5 15. Rf1 Ne8 16. e3 g5 17. Ne1 Nxd2 18. Qxd2 Nf6 19. f3 Nh5 20. e4 g4 21. fxg4 fxg4 22. Nc2 Bd7 23. Nb2 Qe7 24. Qe2 Qg5 25. Nd3 Qg6 26. Rxf8+ Rxf8 27. Rf1 Nf6 28. a3 bxa3 29. Ra1 Rb8 30. Rxa3 Rb7 31. Ra6 Bf8 32. b4 cxb4 33. Ncxb4 Ne8 34. Nxe5 Qg5 35. Ned3 Bg7 36. Nc2 Bc8 37. Ra5 a6 38. c5 Rb1+ 39. Bf1 Qd8 40. Ra4 dxc5 41. Nxc5 Qb6 42. Qf2 Qb5 43. Ne1 Rxe1 44. Qxe1 Qxc5+ 45. Qf2 Qc1 46. Rc4 Qd1 47. Rxc8 Bd4 48. Rxe8+ Kg7 49. Re7+ Kg8 50. Re8+ 1/2-1/2